Moctezuma el Magnífico y la invasión de Anáhuac /

Biografía del penúltimo emperador azteca, quien era el gobernante de su pueblo a la llegada de los españoles.

محفوظ في:
التفاصيل البيبلوغرافية
المؤلف الرئيسي: Romerovargas Yturbide, Ignacio (autor)
التنسيق: كتاب
اللغة:الإسبانية
منشور في: México : Sociedad Mexicana de Geografía y Estadística, 1964, c1964
سلاسل:(Selección de Estudios y Conferencias de la Sociedad Mexicana de Geografía y Estadística ; 5)
الموضوعات:
الوسوم: إضافة وسم
لا توجد وسوم, كن أول من يضع وسما على هذه التسجيلة!

MARC

LEADER 00000nam^a2200000^a^4500
001 000127703
005 20250521000000.0
009 20260310094812.762
037 |a Acervo ITESO - Biblioteca 
041 |a ESP 
082 |a 972. 01  |b ROM 
100 |a Romerovargas Yturbide, Ignacio  |e (autor) 
245 1 0 |a Moctezuma el Magnífico y la invasión de Anáhuac /  |c I. Romero Vargas Yturbide. 
264 4 |a México :  |b Sociedad Mexicana de Geografía y Estadística,  |c 1964, c1964 
300 |a 57 p. 
336 |a texto  |b txt  |2 rdacontenido 
337 |a sin mediación  |b n  |2 rdamedio 
338 |a volumen  |b nc  |2 rdasoporte 
440 1 |a (Selección de Estudios y Conferencias de la Sociedad Mexicana de Geografía y Estadística ;  |v 5) 
520 |a Biografía del penúltimo emperador azteca, quien era el gobernante de su pueblo a la llegada de los españoles. 
649 |a XX 
650 |a Emperadores Aztecas -  |x Biografías 
650 |a Políticos Aztecas -  |x Biografías 
650 |a Indígenas de México -  |x Biografías 
650 |a Indígenas de México -  |x Historia 
650 |a Aztecas -  |x Historia 
650 |a Nahuas -  |x Historia 
650 |a México -  |x Historia -  |y Epoca Prehispánica 
650 |a México -  |x Historia -  |y Descubrimiento y Conquista, 1517-1521 
650 |a México -  |x Historia -  |y Siglo XVI 
650 |a México -  |x Historia -  |y Epoca Colonial, 1517-1821 
650 |a Moctezuma Xocoyotzin, Emperador Azteca -  |x Tema Principal 
910 |a Fondo Salvador Reynoso Reynoso 
920 |a Impresos - Libros 
930 |a Fondos Especiales 
905 |a 112 
901 |a 0800009576  |b IT2  |c ESP  |u 20250521 
902 |a https://opac.biblio.iteso.mx/vufind/Record/000127703